书目信息 |
| 题名: |
鲁迅藏浮世绘
|
|
| 作者: | ;北京鲁迅博物馆 编 | |
| 分册: | ||
| 出版信息: | 北京 生活·读书·新知三联书店 2016 |
|
| 页数: | 153页, [1] 页图版 | |
| 开本: | 26cm | |
| 丛书名: | ||
| 单 册: | ||
| 中图分类: | J237(313) , J237 | |
| 科图分类: | ||
| 主题词: | 浮世绘--fu shi hui--日本--近代--作品集 | |
| 电子资源: | ||
| ISBN: | 978-7-108-05770-9 | |
| 000 | 01035nam0 2200253 450 | |
| 001 | 012018000029 | |
| 005 | 20180426175646.03 | |
| 010 | @a978-7-108-05770-9@b精装@dCNY75.00 | |
| 100 | @a20161018d2016 em y0chiy0121 ea | |
| 101 | 0 | @achi |
| 102 | @aCN@b110000 | |
| 105 | @aaf z 000yy | |
| 106 | @ar | |
| 200 | 1 | @a鲁迅藏浮世绘@Alu xun cang fu shi hui@f北京鲁迅博物馆编@g |
| 210 | @a北京@c生活·读书·新知三联书店@d2016 | |
| 215 | @a153页, [1] 页图版@c彩图@d26cm | |
| 330 | @a本书收入由北京鲁迅博物馆珍藏多年的鲁迅收藏的全部浮世绘作品, 其中包括在日本已经绝版的极其珍贵的第一书房版《浮世绘版画名作集 (第二期)》的30幅名家名作, 每图附有精当的评介。书中另有专文, 对鲁迅与浮世绘的关系以及第一书房版《浮世绘版画名作集》的由来做了详细的分析、考证, 可以作为欣赏画作时的背景资料。 | |
| 606 | 0 | @a浮世绘@Afu shi hui@y日本@z近代@j作品集 |
| 690 | @aJ237(313)@v5 | |
| 690 | @aJ237@v4 | |
| 711 | 02 | @a北京鲁迅博物馆@Abei jing lu xun bo wu guan@4编 |
| 801 | 0 | @aCN@b湖北三新@c20170118@g |
| 905 | @aBZT@dJ237@e1 | |
| 906 | @dCNY75.00@n3@r1 | |
| 鲁迅藏浮世绘/北京鲁迅博物馆编.-北京:生活·读书·新知三联书店,2016 |
| 153页, [1] 页图版:彩图;26cm |
| ISBN 978-7-108-05770-9(精装):CNY75.00 |
| 本书收入由北京鲁迅博物馆珍藏多年的鲁迅收藏的全部浮世绘作品, 其中包括在日本已经绝版的极其珍贵的第一书房版《浮世绘版画名作集 (第二期)》的30幅名家名作, 每图附有精当的评介。书中另有专文, 对鲁迅与浮世绘的关系以及第一书房版《浮世绘版画名作集》的由来做了详细的分析、考证, 可以作为欣赏画作时的背景资料。 |
| ● |
| 相关链接 |
|
|
|
正题名:鲁迅藏浮世绘
索取号:J237/1
 
预约/预借
| 序号 | 登录号 | 条形码 | 馆藏地/架位号 | 状态 | 备注 |
| 1 | 848048 | 2000848048 | 第二书库/ [索取号:J237/1] | 在馆 | |
| 2 | 848049 | 2000848049 | 第二书库/ [索取号:J237/1] | 在馆 | |
| 3 | 848050 | 2000848050 | 第二书库/ [索取号:J237/1] | 在馆 |